| 000 | 00428nam a2200157 4500 | ||
|---|---|---|---|
| 005 | 20260430115731.0 | ||
| 008 | 260430b |||||||| |||| 00| 0 eng d | ||
| 020 | _a9781473754140 | ||
| 082 |
_a428.0071 _bLEW-I |
||
| 100 | _aLewis Michale | ||
| 245 |
_aImplementing The Lexical Approach _bPutting Theory into Practice |
||
| 260 |
_aUK _bHeinle Cengage Learning Press |
||
| 300 | _a223p | ||
| 650 | _aEnglish | ||
| 942 | _cBK | ||
| 999 |
_c47454 _d47454 |
||